[Event "Kavala op 26th"]
[Site "Kavala"]
[Date "2017.07.30"]
[Round "3"]
[White "Enchev, Ivajlo"]
[Black "Filev, Georgi"]
[Result "1-0"]
[WhiteElo "2477"]
[BlackElo "2363"]
[PlyCount "61"]
[EventDate "2017.07.28"]
[EventType "swiss"]
[EventRounds "9"]
[EventCountry "GRE"]
[SourceTitle "CBM 179 Extra"]
[Source "ChessBase"]
[SourceDate "2017.08.23"]
[SourceVersion "1"]
[SourceVersionDate "2017.08.23"]
[SourceQuality "1"]

1. d4 e6 2. Nf3 d5 3. Bf4 Nf6 4. e3 Be7 5. Bd3 c5 6. c3 0-0 7. Nbd2 b6 8. Ne5 Ba6 9. Bc2 Qc8 10. g4 Nfd7 11. g5 Nxe5 12. Bxe5 g6 13. h4 Nd7 14. Nf3 Nxe5 15. Nxe5 cxd4 16. exd4 Ba3 17. Qc1 Bd6 18. Qe3 Qc7 19. f4 Bxe5 20. fxe5 Qc4 21. h5 Rac8 22. Kd2 Rc7 23. Rh2 Rfc8 24. Qf4 Qb5 25. Rb1 Qa5 26. Qf3 Rc4 27. Rh4 b5 28. hxg6 fxg6 29. Qf6 Rf8 30. Qxe6+ Rf7 31. Rf1 1-0

[Event "Titled Tuesday intern op 7th March"]
[Site "Chess.com INT"]
[Date "2017.03.07"]
[Round "10"]
[White "Filev, Georgi"]
[Black "Deviatkin, Andrei"]
[Result "0-1"]
[WhiteElo "2381"]
[BlackElo "2485"]
[PlyCount "74"]
[EventDate "2017.03.07"]
[EventType "swiss (blitz)"]
[EventRounds "11"]
[EventCountry "USA"]
[SourceTitle "EXT 2021"]
[Source "ChessBase"]
[SourceDate "2020.10.23"]
[SourceVersion "1"]
[SourceVersionDate "2020.10.23"]
[SourceQuality "1"]

1. e4 c6 2. d4 d5 3. Nd2 h6 4. Ngf3 dxe4 5. Nxe4 Bf5 6. Bd3 e6 7. Qe2 Nf6 8. 0-0 Nxe4 9. Bxe4 Bxe4 10. Qxe4 Nd7 11. Bf4 Be7 12. Rad1 0-0 13. c4 Re8 14. Ne5 Nxe5 15. Bxe5 Bd6 16. Rd3 Qe7 17. Rfd1 Rad8 18. b3 Rd7 19. h3 Red8 20. Qe2 a6 21. a4 b5 22. axb5 axb5 23. Qe4 bxc4 24. bxc4 Bxe5 25. dxe5 g6 26. g3 Kg7 27. Rd6 c5 28. Qc6 Rc7 29. Qe4 Rb8 30. Qe3 Qg5 31. Qe2 h5 32. h4 Qf5 33. Kg2 Rcb7 34. R1d2 Rb1 35. Rd7 Ra1 36. R2d3 Rbb1 37. Qf3 Rg1+ 0-1